SCL "Delay and disruption protocol": a curate's egg (Record no. 72451)

MARC details
000 -LEADER
fixed length control field 01133cam a2200229 4500
001 - CONTROL NUMBER
control field ABS66491
008 - FIXED-LENGTH DATA ELEMENTS--GENERAL INFORMATION
fixed length control field 030404n2003 000 0 eng u
035 ## - SYSTEM CONTROL NUMBER
System control number (Sirsi) u121905
100 ## - MAIN ENTRY--PERSONAL NAME
Personal name Cummins, C.
245 ## - TITLE STATEMENT
Title SCL "Delay and disruption protocol": a curate's egg
260 ## - PUBLICATION, DISTRIBUTION, ETC.
Date of publication, distribution, etc. 2003
490 ## - SERIES STATEMENT
Series statement Construction Law Bulletin
Volume/sequential designation March 2003, 8-10(3)
520 ## - SUMMARY, ETC.
Summary, etc. Reviews the Society of Construction Law's "Delay and disruption protocol" which supplies guidance on the subject and provides a scheme for the management of change which is fair, balanced, clear and comprehensive. Argues the protocol goes some way to providing this, but also illustrates that it fails to give practical solutions to some major problems, such as disputes during the course of the works due to extensions of time. Concludes that the protocol is a sound basis for better understanding between employers and contributors.
590 ## - LOCAL NOTE (RLIN)
Local note ABS
650 ## - SUBJECT ADDED ENTRY--TOPICAL TERM
Topical term or geographic name entry element DELAY ANALYSIS
650 ## - SUBJECT ADDED ENTRY--TOPICAL TERM
Topical term or geographic name entry element EXTENSIONS OF TIME
650 ## - SUBJECT ADDED ENTRY--TOPICAL TERM
Topical term or geographic name entry element PROTOCOLS
650 ## - SUBJECT ADDED ENTRY--TOPICAL TERM
Topical term or geographic name entry element DISRUPTION
650 ## - SUBJECT ADDED ENTRY--TOPICAL TERM
Topical term or geographic name entry element DISPUTES
690 ## - LOCAL SUBJECT ADDED ENTRY--TOPICAL TERM (OCLC, RLIN)
Topical term or geographic name as entry element BUILT ENVIRONMENT-BUILDING CONTRACT FORMS
942 ## - ADDED ENTRY ELEMENTS (KOHA)
Suppress in OPAC 0
Holdings
Withdrawn status Lost status Source of classification or shelving scheme Damaged status Not for loan Home library Current library Shelving location Date acquired Total Checkouts Full call number Barcode Date last seen Copy number Price effective from Koha item type
    Dewey Decimal Classification     London London Journal article 04/04/2003   ABS66491 121905-1001 06/08/2019 1 06/08/2019 Journal article